00589nmm a2200169Ia 4500008004100000020001800041041000800059100003100067245006700098264009100165300001800256490005600274650001400330856005100344942000700395999001700402251105s9999||||xx |||||||||||||||||und|| a9788499800790 aspa aCaamaño, Aureli (coord.) 0aFísica y química : complementos de formación disciplinar a[Madrid, España] :bMinisterio de Educación, Cultura y Deporte de España, c2011 a214 páginas aFormación del profesorado. Educación secundaria aEducation uhttps://public.digitaliapublishing.com/a/30211 cCF c93235d93235